| Tag |
First Indicator |
Second Indicator |
Subfields |
| LEADER |
00000nam a2200000Ia 4500 |
| 001 |
in00004201413 |
| 005 |
20200806090623.0 |
| 006 |
m g d |
| 007 |
cr bn |||a|bb| |
| 008 |
080429s1687 gw o 000 0 lat d |
| 040 |
|
|
|a UMI
|c UMI
|
| 035 |
|
|
|a (OCoLC)226373920
|
| 037 |
|
|
|a CL2105000002
|b ProQuest Information and Learning, 789 E. Eisenhower Parkway, Ann Arbor, MI 48108-3218
|
| 043 |
|
|
|a e-gx---
|
| 090 |
|
|
|a BR1608.G4
|b B43 1687
|
| 049 |
|
|
|a UMIA
|
| 100 |
1 |
|
|a Beck, Matthias Friedrich,
|d 1649-1701.
|
| 245 |
1 |
0 |
|a Martyrologium ecclesiae Germanicae per vetustum :
|b quod per septingentos annos delituit /
|c in publicum nunc prodit è bibliotheca Matthiae Friderici Beckii ; ad eodem è membranis descriptum et libro commentario illustratum.
|
| 260 |
|
|
|a Augustae Vindel[icorum] :
|b Apud Theophili Goebelii viduam prostat, typis Schönigianis impressum,
|c 1687.
|
| 300 |
|
|
|a 1 online resource ([1]+ pages)
|
| 336 |
|
|
|a text
|b txt
|2 rdacontent
|
| 337 |
|
|
|a computer
|b c
|2 rdamedia
|
| 338 |
|
|
|a online resource
|b cr
|2 rdacarrier
|
| 500 |
|
|
|a Fragment.
|
| 500 |
|
|
|a Reproduction of original in: British Library.
|
| 510 |
4 |
|
|a Early English books tract supplement interim guide
|c Harl.5937
|
| 533 |
|
|
|a Electronic reproduction.
|b Ann Arbor, Mich. :
|c UMI,
|d 1999-
|f (Early English books online)
|n Digital version of: (Early English books; Tract supplement ; E2:4[201d])
|7 s1999 miun s
|
| 650 |
|
0 |
|a Christian martyrs
|z Germany
|v Early works to 1800.
|
| 830 |
|
0 |
|a Early English books online.
|
| 856 |
4 |
0 |
|u http://proxy.library.tamu.edu/login?url=https://search.proquest.com/docview/2240877988
|z Connect to the full text of this electronic book
|t 0
|
| 994 |
|
|
|a 02
|b UMI
|
| 999 |
f |
f |
|s 4a71bc4e-d16d-31ea-8589-837ad85a5caa
|i d03f4e50-1545-3708-8115-e00c2f24471d
|t 0
|
| 952 |
f |
f |
|a Texas A&M University
|b College Station
|c Electronic Resources
|d Available Online
|t 0
|e BR1608.G4 B43 1687
|h Library of Congress classification
|
| 998 |
f |
f |
|a BR1608.G4 B43 1687
|t 0
|l Available Online
|